[Event "Iberoamerican-ch 9th"]
[Site "Panama City"]
[Date "2023.11.29"]
[Round "6"]
[White "Perez, William"]
[Black "Tapia Varela, Luany Anabel"]
[Result "1-0"]
[WhiteElo "1893"]
[BlackElo "1334"]
[PlyCount "79"]
[EventDate "2023.11.25"]
[EventType "swiss"]
[EventRounds "9"]
[EventCountry "PAN"]
[SourceTitle "CB49_2023"]
[SourceDate "2023.12.06"]
[SourceVersion "1"]
[SourceVersionDate "2023.12.06"]
[SourceQuality "1"]

1. c4 c5 2. Nc3 Nc6 3. g3 g6 4. Bg2 Bg7 5. e3 d6 6. Nge2 e5 7. 0-0 Nge7 8. d4 cxd4 9. exd4 exd4 10. Nb5 0-0 11. Nexd4 Nxd4 12. Nxd4 d5 13. c5 a6 14. Bg5 h6 15. Be3 Nc6 16. Qd2 Kh7 17. b4 Be6 18. h3 Qd7 19. Kh2 Ne5 20. Bf4 Nc4 21. Qd3 Kg8 22. h4 Kh7 23. h5 Rad8 24. Rae1 Nb2 25. Qc3 Na4 26. hxg6+ fxg6 27. Qe3 Bf5 28. Qd2 Be4 29. Bh3 Qf7 30. Ne6 Bc3 31. Nxf8+ Rxf8 32. Qc1 Bxe1 33. Rxe1 g5 34. Be3 h5 35. Bd4 g4 36. Bg2 Bxg2 37. Kxg2 Qf3+ 38. Kg1 h4 39. Qg5 Rf7 40. Qh5+ 1-0

[Event "Medellin de La Raza U2000 op"]
[Site "Medellin"]
[Date "2023.10.15"]
[Round "7"]
[White "Perez, William"]
[Black "Payares Diaz, Alejandro"]
[Result "1-0"]
[WhiteElo "1871"]
[BlackElo "1296"]
[PlyCount "97"]
[EventDate "2023.10.12"]
[EventType "swiss"]
[EventRounds "9"]
[EventCountry "COL"]
[SourceTitle "Mega2024 Update 01"]
[Source "Chessbase"]
[SourceDate "2023.11.12"]
[SourceVersion "1"]
[SourceVersionDate "2023.11.12"]
[SourceQuality "1"]

1. c4 g6 2. Nc3 Bg7 3. g3 Nf6 4. Bg2 0-0 5. e4 d6 6. Nge2 e5 7. 0-0 Nc6 8. d3 h6 9. f4 Bd7 10. h3 Qc8 11. Kh2 Ne8 12. Nd5 Qd8 13. f5 g5 14. g4 f6 15. Be3 Ne7 16. Kg3 c6 17. Ndc3 Nc7 18. Qb3 Bc8 19. Rh1 Kf7 20. h4 Ke8 21. d4 Rb8 22. dxe5 dxe5 23. Rad1 Bd7 24. hxg5 hxg5 25. Rh7 Rf7 26. Bxa7 Ra8 27. Qxb7 Bf8 28. Rxf7 Kxf7 29. Bb6 Rc8 30. c5 Ng8 31. b4 Ne7 32. a4 Ke8 33. a5 Bg7 34. a6 Bf8 35. a7 Bg7 36. Bxc7 Rxc7 37. a8Q Rxb7 38. Qxb7 Bf8 39. Na4 Nc8 40. Nec3 Be7 41. Bf1 Bf8 42. b5 cxb5 43. Rxd7 Qxd7 44. Bxb5 Qxb5 45. Nxb5 Ne7 46. Nd6+ Kd8 47. Nb6 Nxf5+ 48. gxf5 g4 49. Qd7# 1-0

[Event "Medellin de La Raza U2000 op"]
[Site "Medellin"]
[Date "2023.10.14"]
[Round "4"]
[White "Londono, Miguel Angel"]
[Black "Perez, William"]
[Result "0-1"]
[WhiteElo "1551"]
[BlackElo "1871"]
[PlyCount "168"]
[EventDate "2023.10.12"]
[EventType "swiss"]
[EventRounds "9"]
[EventCountry "COL"]
[SourceTitle "Mega2024 Update 01"]
[Source "Chessbase"]
[SourceDate "2023.11.12"]
[SourceVersion "1"]
[SourceVersionDate "2023.11.12"]
[SourceQuality "1"]

1. e4 c5 2. d4 cxd4 3. c3 d3 4. Bxd3 Nc6 5. Bc4 Nf6 6. Nf3 d6 7. 0-0 e6 8. Qe2 Be7 9. Rd1 Qc7 10. Na3 a6 11. Bf4 0-0 12. Bb3 e5 13. Bg5 b5 14. Nc2 Be6 15. Bxf6 Bxf6 16. Ne3 Be7 17. Rd2 Rfc8 18. Nd5 Bxd5 19. Bxd5 Rab8 20. a3 Na5 21. Rad1 Nc4 22. Rd3 a5 23. Qc2 Nb6 24. Ba2 Nc4 25. Nd2 Rb6 26. Nf1 Bg5 27. g3 g6 28. h4 Bh6 29. Nh2 Bf8 30. Ng4 Qb7 31. Nf6+ Kg7 32. Nd5 Rbc6 33. Qe2 Qd7 34. g4 Be7 35. g5 Rf8 36. Rg3 f6 37. gxf6+ Bxf6 38. h5 Bh4 39. Rdd3 Bxg3 40. Rxg3 a4 41. hxg6 hxg6 42. Qh5 Qf7 43. f3 Re8 44. Qg5 Rcc8 45. Bxc4 bxc4 46. Ne3 Re6 47. Rh3 Rh8 48. Nf5+ Kg8 49. Nh6+ Rxh6 50. Qxh6 Qg7 51. Qg5 Qf6 52. Qh6 Re7 53. Qe3 Rh7 54. Rg3 Rb7 55. Qd2 Kg7 56. Rh3 Qf4 57. Qxf4 exf4 58. Rh2 Kf6 59. Rd2 Ke6 60. Kg2 Rb5 61. Kh3 Rg5 62. Rf2 d5 63. Kh4 Rg3 64. exd5+ Kxd5 65. Rd2+ Ke5 66. Rd8 Rxf3 67. Re8+ Kf5 68. Rf8+ Ke4 69. Re8+ Kd3 70. Kg4 Rf2 71. Rd8+ Ke3 72. Re8+ Kd3 73. Rd8+ Kc2 74. Rb8 f3 75. Rb4 Kd3 76. Rxa4 Rxb2 77. Kxf3 Rb6 78. Ra8 Rf6+ 79. Kg4 Kxc3 80. a4 Kb2 81. Rb8+ Kc2 82. Kg5 Ra6 83. a5 Rxa5+ 84. Kf4 Rd5 0-1

[Event "Medellin de La Raza U2000 op"]
[Site "Medellin"]
[Date "2023.10.14"]
[Round "5"]
[White "Perez, William"]
[Black "Duque Pinzon, Manuel Santiago"]
[Result "1-0"]
[WhiteElo "1871"]
[BlackElo "1987"]
[PlyCount "81"]
[EventDate "2023.10.12"]
[EventType "swiss"]
[EventRounds "9"]
[EventCountry "COL"]
[SourceTitle "Mega2024 Update 01"]
[Source "Chessbase"]
[SourceDate "2023.11.12"]
[SourceVersion "1"]
[SourceVersionDate "2023.11.12"]
[SourceQuality "1"]

1. c4 Nf6 2. g3 e5 3. Bg2 d5 4. cxd5 Nxd5 5. Nc3 Nxc3 6. dxc3 Qxd1+ 7. Kxd1 Bc5 8. e3 0-0 9. Nf3 Nc6 10. Ke2 e4 11. Nd4 Bg4+ 12. Kd2 Rfe8 13. Nxc6 bxc6 14. Re1 a5 15. h3 Bc8 16. b3 a4 17. b4 Bf8 18. a3 g6 19. Bf1 Be6 20. c4 Bg7 21. Rb1 c5 22. b5 Red8+ 23. Kc2 Rd3 24. Bxd3 exd3+ 25. Kd2 Bxc4 26. Bb2 Bf8 27. Be5 Bd6 28. Bxd6 cxd6 29. Kc3 Bb3 30. Kxd3 Ra5 31. e4 Rxb5 32. Kc3 f6 33. Red1 Rb6 34. Rd3 Kf7 35. Kd2 Ke6 36. Ke3 Rc6 37. Rb2 Rb6 38. g4 h6 39. f4 g5 40. f5+ Ke5 41. Rbd2 1-0

[Event "Medellin Flores op 30th"]
[Site "Medellin"]
[Date "2023.08.06"]
[Round "6"]
[White "Castano Herrera, Saray"]
[Black "Perez, William"]
[Result "0-1"]
[WhiteElo "1753"]
[BlackElo "1933"]
[PlyCount "110"]
[EventDate "2023.08.03"]
[EventType "swiss"]
[EventRounds "9"]
[EventCountry "COL"]
[SourceTitle "CBM 215 Extra"]
[Source "ChessBase"]
[SourceDate "2023.09.30"]
[SourceVersion "1"]
[SourceVersionDate "2023.09.30"]
[SourceQuality "1"]

1. c4 c5 2. Nc3 Nc6 3. g3 g6 4. Bg2 Bg7 5. e3 e6 6. Nge2 Nge7 7. 0-0 0-0 8. d4 cxd4 9. exd4 d5 10. cxd5 exd5 11. Be3 Be6 12. Nf4 Qd7 13. Nxe6 fxe6 14. Qd2 Nf5 15. Ne2 Rf7 16. Rac1 a5 17. b3 h6 18. h4 Qe7 19. Rfe1 Qf6 20. Rc2 Kh7 21. Rd1 Rg8 22. a3 Bf8 23. Bh3 Bxa3 24. Bxf5 Qxf5 25. Ra2 Bd6 26. Nc3 g5 27. hxg5 hxg5 28. Qc2 Qxc2 29. Rxc2 Kg6 30. Kg2 Rh8 31. Nb5 Bb4 32. Rh1 Rxh1 33. Kxh1 g4 34. Bf4 Kf5 35. Re2 Re7 36. Be5 Rd7 37. Kg2 Be7 38. f4 Bb4 39. Kf1 Rh7 40. Kg2 Rh3 41. Nc7 Rh7 42. Nb5 Kg6 43. Bd6 Kf6 44. Bxb4 Nxb4 45. Re5 Nc6 46. Rg5 Rg7 47. Rh5 Ke7 48. Kf2 Kd7 49. Ke3 Ne7 50. Kf2 Nf5 51. Rg5 Rxg5 52. fxg5 Ke7 53. Ke2 Nxg3+ 54. Ke3 Nf5+ 55. Kf4 g3 0-1

[Event "Manizales op 28th"]
[Site "Manizales"]
[Date "2023.01.07"]
[Round "4"]
[White "Perez, William"]
[Black "Martinez, Lorenzo Julio"]
[Result "1-0"]
[WhiteElo "1910"]
[BlackElo "1600"]
[PlyCount "53"]
[EventDate "2023.01.05"]
[EventType "swiss"]
[EventRounds "8"]
[EventCountry "COL"]
[SourceTitle "CBM 212 Extra"]
[Source "ChessBase"]
[SourceDate "2023.03.31"]
[SourceVersion "1"]
[SourceVersionDate "2023.03.31"]
[SourceQuality "1"]

1. d4 d5 2. Nf3 Nf6 3. Bf4 e6 4. Nc3 Bb4 5. a3 Ba5 6. b4 Bb6 7. Na4 Nbd7 8. e3 0-0 9. c4 c6 10. Nxb6 axb6 11. Bd3 Re8 12. 0-0 Nf8 13. h3 Ng6 14. Bh2 dxc4 15. Bxc4 b5 16. Bd3 b6 17. Qc2 Bb7 18. Ne5 Qd5 19. f4 c5 20. dxc5 bxc5 21. Rfd1 Nxe5 22. fxe5 Qxg2+ 23. Qxg2 Bxg2 24. exf6 Bxh3 25. bxc5 gxf6 26. Bxb5 Reb8 27. Bxb8 1-0

[Event "Sabaneta op-B 1st"]
[Site "Sabaneta"]
[Date "2022.11.29"]
[Round "6"]
[White "Cabrales Almanza, Josue Ricardo"]
[Black "Perez, William"]
[Result "1-0"]
[WhiteElo "1724"]
[BlackElo "1924"]
[PlyCount "83"]
[EventDate "2022.11.25"]
[EventType "swiss"]
[EventRounds "8"]
[EventCountry "COL"]
[SourceTitle "CBM 211 Extra"]
[Source "ChessBase"]
[SourceDate "2023.01.31"]
[SourceVersion "1"]
[SourceVersionDate "2023.01.31"]
[SourceQuality "1"]

1. c4 c5 2. Nf3 g6 3. g3 Bg7 4. Bg2 Nc6 5. 0-0 e5 6. Nc3 Nge7 7. e4 0-0 8. d3 d6 9. Ne1 h6 10. Nc2 f5 11. f4 a5 12. Rb1 Kh7 13. a3 Be6 14. Nd5 fxe4 15. dxe4 Nd4 16. Nxd4 exd4 17. Nxe7 Qxe7 18. Qd3 Kh8 19. f5 Bf7 20. Bd2 a4 21. Rf2 g5 22. b3 b5 23. e5 Bxe5 24. Bxa8 Rxa8 25. Qf3 Rc8 26. bxa4 bxc4 27. Rb7 Qf8 28. a5 c3 29. Bc1 Be8 30. Rb6 Bf7 31. a6 c4 32. Qb7 d3 33. a7 Bd4 34. Qxc8 Qxc8 35. Rb8 Bxa7 36. Rxc8+ Kg7 37. Kf1 d2 38. Bxd2 cxd2 39. Rxd2 d5 40. Rc7 Be3 41. Rxd5 c3 42. Rdd7 1-0

[Event "Sabaneta op-B 1st"]
[Site "Sabaneta"]
[Date "2022.11.27"]
[Round "4"]
[White "Idarraga, Oscar Alonso"]
[Black "Perez, William"]
[Result "0-1"]
[WhiteElo "1883"]
[BlackElo "1924"]
[PlyCount "112"]
[EventDate "2022.11.25"]
[EventType "swiss"]
[EventRounds "8"]
[EventCountry "COL"]
[SourceTitle "CBM 211 Extra"]
[Source "ChessBase"]
[SourceDate "2023.01.31"]
[SourceVersion "1"]
[SourceVersionDate "2023.01.31"]
[SourceQuality "1"]

1. e4 c6 2. d3 d5 3. Nd2 g6 4. g3 Bg7 5. Bg2 e5 6. Ngf3 Ne7 7. 0-0 0-0 8. Re1 Qc7 9. Qe2 Nd7 10. Nf1 h6 11. h4 f5 12. exf5 gxf5 13. N1h2 e4 14. Bh3 Rf7 15. Nd2 Nf6 16. Ndf1 Bd7 17. Bf4 Qb6 18. h5 Re8 19. Ne3 c5 20. Be5 Qe6 21. d4 cxd4 22. Bxd4 Nc6 23. Bc3 Ne7 24. Rad1 Rd8 25. Bb4 Nc6 26. Bxf5 Qe5 27. Bxd7 Rdxd7 28. Bc3 d4 29. Neg4 Nxg4 30. Nxg4 Qe6 31. Bd2 Rde7 32. Bf4 Kh7 33. a3 Qd5 34. Qd2 Qxh5 35. Nh2 Qh3 36. Qe2 h5 37. Qf1 Qf5 38. Qg2 h4 39. Nf1 hxg3 40. fxg3 Rf6 41. Nd2 Rfe6 42. Rf1 Qc5 43. Nb3 Qb6 44. Qf2 Kg8 45. Kg2 a5 46. Bg5 e3 47. Qe2 Re8 48. Rh1 Rf8 49. Rdf1 Rxf1 50. Rxf1 Ne5 51. Qh5 Qc6+ 52. Kg1 Qe4 53. Bf4 e2 54. Re1 Nf3+ 55. Kf2 Nxe1 56. Kxe1 Qg2 0-1

[Event "Medellin Feria de las Flores op"]
[Site "Medellin"]
[Date "2022.08.05"]
[Round "5"]
[White "Perez, William"]
[Black "Campos Gomez, Manuel"]
[Result "0-1"]
[WhiteElo "1973"]
[BlackElo "2352"]
[PlyCount "33"]
[EventDate "2022.08.03"]
[EventType "swiss"]
[EventRounds "9"]
[EventCountry "COL"]
[SourceTitle "CBM 209 Extra"]
[Source "ChessBase"]
[SourceDate "2022.09.30"]
[SourceVersion "1"]
[SourceVersionDate "2022.09.30"]
[SourceQuality "1"]

1. c4 c6 2. e4 d5 3. cxd5 cxd5 4. exd5 Nf6 5. Qa4+ Nbd7 6. Nc3 g6 7. Bc4 Bg7 8. Nf3 0-0 9. d3 Nb6 10. Qb3 Bg4 11. Ne5 Qd6 12. Bf4 Nh5 13. Ne4 Qd8 14. Nxg4 Nxf4 15. Ne3 Bxb2 16. 0-0 Bxa1 17. Rxa1 0-1

[Event "Medellin Feria de las Flores op"]
[Site "Medellin"]
[Date "2022.08.04"]
[Round "3"]
[White "Betancourt Giraldo, David Rogelio"]
[Black "Perez, William"]
[Result "1/2-1/2"]
[WhiteElo "2078"]
[BlackElo "1973"]
[PlyCount "24"]
[EventDate "2022.08.03"]
[EventType "swiss"]
[EventRounds "9"]
[EventCountry "COL"]
[SourceTitle "CBM 209 Extra"]
[Source "ChessBase"]
[SourceDate "2022.09.30"]
[SourceVersion "1"]
[SourceVersionDate "2022.09.30"]
[SourceQuality "1"]

1. d4 Nf6 2. Nf3 e6 3. g3 c5 4. Bg2 Nc6 5. e3 d5 6. b3 cxd4 7. exd4 Qa5+ 8. Bd2 Bb4 9. Bxb4 Qxb4+ 10. c3 Qd6 11. 0-0 0-0 12. Nbd2 b6 1/2-1/2

[Event "Medellin Luces op"]
[Site "Medellin"]
[Date "2021.12.19"]
[Round "5"]
[White "Perez, William"]
[Black "Zapata Cuartas, Juan Carlos"]
[Result "1/2-1/2"]
[WhiteElo "1979"]
[BlackElo "2093"]
[PlyCount "78"]
[EventDate "2021.12.17"]
[EventType "swiss"]
[EventRounds "7"]
[EventCountry "COL"]
[SourceTitle "CBM 206 Extra"]
[Source "ChessBase"]
[SourceDate "2022.03.31"]
[SourceVersion "1"]
[SourceVersionDate "2022.03.31"]
[SourceQuality "1"]

1. Nf3 c5 2. c4 b6 3. g3 Bb7 4. Bg2 Nf6 5. Nc3 e6 6. 0-0 d6 7. e3 Be7 8. b3 0-0 9. Bb2 Nbd7 10. d4 cxd4 11. Nxd4 Bxg2 12. Kxg2 Qc7 13. Qe2 a6 14. Rac1 Rfe8 15. Rfd1 Rad8 16. e4 Qb7 17. Kg1 Bf8 18. Rc2 Nc5 19. f3 Qa8 20. Rcd2 g6 21. e5 dxe5 22. Qxe5 Bg7 23. Qc7 e5 24. Nc6 Rxd2 25. Rxd2 Ne6 26. Qxb6 Nd4 27. Nxe5 Nxf3+ 28. Nxf3 Qxf3 29. Rd8 Bh6 30. Rxe8+ Nxe8 31. Nd5 Qd1+ 32. Kg2 Qe2+ 33. Qf2 Qe4+ 34. Kh3 f5 35. Qd4 Qe2 36. Qh8+ Kf7 37. Qxh7+ Ng7 38. Nf4 Qf1+ 39. Ng2 Qe2 1/2-1/2

[Event "Manizales Las Americas op-A"]
[Site "Manizales"]
[Date "2021.10.18"]
[Round "10"]
[White "Lopez Ramirez, David Santiago"]
[Black "Perez, William"]
[Result "1-0"]
[WhiteElo "2131"]
[BlackElo "2001"]
[PlyCount "111"]
[EventDate "2021.10.14"]
[EventType "swiss"]
[EventRounds "10"]
[EventCountry "COL"]
[SourceTitle "CBM 204 Extra"]
[Source "ChessBase"]
[SourceDate "2021.11.30"]
[SourceVersion "1"]
[SourceVersionDate "2021.11.30"]
[SourceQuality "1"]

1. c4 c5 2. Nf3 Nc6 3. d4 cxd4 4. Nxd4 Nxd4 5. Qxd4 Nf6 6. g3 d6 7. Bg2 g6 8. 0-0 Bg7 9. Qh4 Qc7 10. Nc3 a6 11. Bg5 Be6 12. b3 h6 13. Bd2 h5 14. Qd4 0-0 15. Rac1 Rab8 16. Qd3 Qd7 17. a4 Bh3 18. e4 Bxg2 19. Kxg2 Ng4 20. f4 f5 21. Rfe1 Rbe8 22. Rcd1 Nf6 23. Qf3 fxe4 24. Nxe4 Nxe4 25. Qxe4 Qc6 26. Bb4 Qb6 27. c5 dxc5 28. Qd5+ e6 29. Qxc5 Qxc5 30. Bxc5 Rf5 31. Bb6 Kf7 32. Rd7+ Re7 33. Red1 Bb2 34. b4 Ba3 35. Bc5 Rxc5 36. bxc5 Bxc5 37. a5 Bb4 38. Rxe7+ Kxe7 39. Rb1 Bxa5 40. Rxb7+ Kf6 41. Ra7 Bd2 42. Rxa6 Bc3 43. Kf3 Bd4 44. h3 Bb2 45. Ke4 Bc1 46. g4 hxg4 47. hxg4 Kf7 48. Ra7+ Kf8 49. Rc7 Bb2 50. Kd3 Ba3 51. Rd7 Bc1 52. Ke4 Bb2 53. Rb7 Bc1 54. Ke5 Bd2 55. Kxe6 Bxf4 56. Rf7+ 1-0

[Event "Manizales Las Americas op-A"]
[Site "Manizales"]
[Date "2021.10.15"]
[Round "4"]
[White "Perez, William"]
[Black "Montilla Reyes, Jorcerys"]
[Result "0-1"]
[WhiteElo "2001"]
[BlackElo "2136"]
[PlyCount "110"]
[EventDate "2021.10.14"]
[EventType "swiss"]
[EventRounds "10"]
[EventCountry "COL"]
[SourceTitle "CBM 204 Extra"]
[Source "ChessBase"]
[SourceDate "2021.11.30"]
[SourceVersion "1"]
[SourceVersionDate "2021.11.30"]
[SourceQuality "1"]

1. c4 e5 2. Nc3 Nf6 3. Nf3 d6 4. e3 Bg4 5. Be2 Be7 6. d4 Nbd7 7. 0-0 0-0 8. b3 c6 9. Qc2 Qc7 10. Bb2 Rfe8 11. Rfd1 Bf8 12. dxe5 dxe5 13. Rd2 Nc5 14. Rad1 e4 15. Nd4 Bd6 16. h3 Bxe2 17. Ndxe2 Be5 18. Nd4 a6 19. Ba3 Qa5 20. Bxc5 Qxc5 21. Na4 Qa5 22. c5 Nd5 23. a3 Bb8 24. Ne2 Qc7 25. g3 Qe7 26. Nec3 Nxc3 27. Qxc3 Be5 28. Qc2 Qg5 29. Nb6 Rab8 30. Rd7 Qf5 31. Nc4 h5 32. h4 Re6 33. Rd8+ Rxd8 34. Rxd8+ Kh7 35. Nd6 Bxd6 36. cxd6 Qd5 37. Rd7 Rxd6 38. Rxb7 Qf5 39. Rb4 Re6 40. Rc4 Qd5 41. Rc5 Qd6 42. Rxh5+ Kg8 43. Rc5 Rg6 44. Rc4 f5 45. b4 Qf6 46. Kh2 Rh6 47. Rd4 g5 48. Qc4+ Kf8 49. Qc5+ Kg8 50. Rd7 gxh4 51. Qc4+ Kf8 52. Qd4 hxg3+ 53. Kg2 Rh2+ 54. Kg1 gxf2+ 55. Kf1 Rh1+ 0-1

[Event "Manizales Las Americas op-A"]
[Site "Manizales"]
[Date "2021.10.15"]
[Round "3"]
[White "Perez, William"]
[Black "Palencia Morales, Wilson Guillermo"]
[Result "0-1"]
[WhiteElo "2001"]
[BlackElo "2331"]
[PlyCount "49"]
[EventDate "2021.10.14"]
[EventType "swiss"]
[EventRounds "10"]
[EventCountry "COL"]
[SourceTitle "CBM 204 Extra"]
[Source "ChessBase"]
[SourceDate "2021.11.30"]
[SourceVersion "1"]
[SourceVersionDate "2021.11.30"]
[SourceQuality "1"]

1. c4 e5 2. Nc3 Nf6 3. Nf3 Nc6 4. e4 Bc5 5. d3 d6 6. h3 Nd7 7. Bg5 f6 8. Bh4 Nf8 9. Be2 Ne6 10. Nd5 0-0 11. 0-0 g5 12. Bg3 h5 13. Nd2 h4 14. Bh2 Ncd4 15. Bg4 c6 16. Ne3 a5 17. Nb3 Nxb3 18. Qxb3 Nd4 19. Qd1 f5 20. exf5 Nxf5 21. Nxf5 Bxf5 22. Bxf5 Rxf5 23. g3 hxg3 24. Bxg3 Qd7 25. Qg4 0-1

[Event "Medellin Raza op"]
[Site "Medellin"]
[Date "2021.10.08"]
[Round "4"]
[White "Gonzalez, Leandro"]
[Black "Perez, William"]
[Result "1/2-1/2"]
[WhiteElo "1773"]
[BlackElo "2001"]
[PlyCount "60"]
[EventDate "2021.10.06"]
[EventType "swiss"]
[EventRounds "9"]
[EventCountry "COL"]
[SourceTitle "EXT 2023"]
[Source "ChessBase"]
[SourceDate "2022.10.05"]
[SourceVersion "1"]
[SourceVersionDate "2022.10.05"]
[SourceQuality "1"]

1. e4 c6 2. d4 d5 3. exd5 cxd5 4. Bd3 Nc6 5. c3 Nf6 6. Bf4 Bg4 7. Qb3 e5 8. dxe5 Nh5 9. Be3 Nxe5 10. Bb5+ Nc6 11. Nd2 Be6 12. Qa4 Bd7 13. Ngf3 a6 14. Be2 Be7 15. Qb3 Nf6 16. Qxb7 Rb8 17. Qxa6 Rxb2 18. Bb5 Nb8 19. Bxd7+ Qxd7 20. Qd3 0-0 21. 0-0 Nc6 22. Rfb1 Rxb1+ 23. Qxb1 Ng4 24. Qd3 Nxe3 25. fxe3 Bf6 26. Rb1 Qa7 27. Rb5 Qxa2 28. Qxd5 Qxd5 29. Rxd5 Bxc3 30. Rc5 Bxd2 1/2-1/2

[Event "Feria de las Flores 28th"]
[Site "Medellin"]
[Date "2021.08.06"]
[Round "5"]
[White "Chirivi Castiblanco, Jenny Astrid"]
[Black "Perez, William"]
[Result "1-0"]
[WhiteElo "2097"]
[BlackElo "1958"]
[PlyCount "69"]
[EventDate "2021.08.04"]
[EventType "swiss"]
[EventRounds "9"]
[EventCountry "COL"]
[SourceTitle "EXT 2022"]
[Source "ChessBase"]
[SourceDate "2021.10.06"]
[SourceVersion "1"]
[SourceVersionDate "2021.10.06"]
[SourceQuality "1"]

1. d4 Nf6 2. c4 g6 3. Nc3 d5 4. Nf3 Bg7 5. Qb3 dxc4 6. Qxc4 Nc6 7. e4 Na5 8. Qa4+ c6 9. e5 Nd5 10. Bd2 b6 11. b4 Nxc3 12. Bxc3 Nb7 13. Qxc6+ Qd7 14. d5 0-0 15. Qxd7 Bxd7 16. Ba6 Rac8 17. Bd2 Rc7 18. Rc1 Rfc8 19. Ke2 h6 20. h4 Bg4 21. Rxc7 Rxc7 22. Rc1 Rd7 23. Bf4 Nd8 24. Bc4 Rc7 25. Kd2 Bxf3 26. gxf3 Kf8 27. Rc2 Rd7 28. Ke3 g5 29. hxg5 hxg5 30. Bg3 f5 31. f4 a5 32. bxa5 gxf4+ 33. Bxf4 bxa5 34. e6 Rb7 35. Bd3 1-0

[Event "Risarald op"]
[Site "Risarald"]
[Date "2015.06.12"]
[Round "1"]
[White "Prieto, Ernesto"]
[Black "Perez, William"]
[Result "0-1"]
[WhiteElo "2103"]
[BlackElo "1711"]
[PlyCount "78"]
[EventDate "2015.06.12"]
[EventType "swiss"]
[EventRounds "7"]
[EventCountry "COL"]
[SourceTitle "CBM 167 Extra"]
[Source "ChessBase"]
[SourceDate "2015.09.14"]
[SourceVersion "1"]
[SourceVersionDate "2015.09.14"]
[SourceQuality "1"]

1. e4 c6 2. Ne2 d5 3. e5 Bf5 4. d4 e6 5. Ng3 Bg6 6. h4 h6 7. h5 Bh7 8. Bd3 Bxd3 9. Qxd3 Nd7 10. 0-0 Ne7 11. Nc3 a6 12. Nce2 c5 13. c3 Nc6 14. Nf4 cxd4 15. cxd4 Be7 16. Bd2 0-0 17. Rac1 Rc8 18. Rc3 Bb4 19. Nxd5 Bxc3 20. Bxc3 exd5 21. Nf5 Ne7 22. Nd6 Rc6 23. Bb4 Qb6 24. Ba3 Rxd6 25. Bxd6 Re8 26. Ba3 Nc6 27. Rd1 Nf8 28. Bxf8 Kxf8 29. f4 Kg8 30. Kh2 Qxb2 31. f5 Qf2 32. f6 gxf6 33. Qh3 Qf4+ 34. Kh1 Nxd4 35. exf6 Ne2 36. a3 Qxf6 37. Re1 Qf2 38. Qg4+ Kh7 39. Rd1 Re4 0-1